TIEES 2024: Trends and Innovations in E-business, Education, and Security 12th International Scientific Web-conference of Scientists and PhD Students or Candidates

Enregistré dans:
Détails bibliographiques
Collectivités auteurs: TIEES 2024: Trends and Innovations in E-business, Education, and Security. International Scientific Web-conference of Scientists and PhD Students or Candidates, Fakulta hospodárskej informatiky EU. Katedra aplikovanej informatiky, Óbuda University. Donát Bánki Faculty of Mechanical and Safety Engineering, L.N. Gumilyov Eurasian National University, National University of Uzbekistan, The Slovak Society for Economic Informatics, REMOK Foundation, Štefana Kassay Foundation
Autres auteurs: Schmidt, Peter, 1968-, Rajnai, Zoltán, Jurík, Pavol, 1987-, Jaber, Aws, Ancza, Erzsébet, Bandurič, Igor, 1980-
Format: Livre
Langue:anglais
Publié: Budapest Óbuda University 2024
Édition:1st Edition
Sujets:
Tags: Ajouter un tag
Pas de tags, Soyez le premier à ajouter un tag!

MARC

LEADER 00000nlm a2200000 4500
001 0311317
005 20250626104758.1
022 |a 2729-8493 
041 0 |a eng 
044 |a HU 
245 1 0 |a TIEES 2024: Trends and Innovations in E-business, Education, and Security  |b 12th International Scientific Web-conference of Scientists and PhD Students or Candidates  |c Editors: Peter Schmidt, Zoltán Rajnai, Pavol Jurík ; Reviewers: Aws Jaber, Erzsébet Ancza, Igor Bandurič ... [et al.] 
250 |a 1st Edition 
264 1 |a Budapest  |b Óbuda University  |c 2024 
300 |a 236 s. [16,095 AH] 
610 2 0 |a podnikanie elektronické 
610 2 0 |a vzdelávanie elektronické 
610 2 0 |a bezpečnosť elektronická 
610 2 0 |a inovácie technologické 
700 1 |a Schmidt, Peter, 1968- 
700 1 |a Rajnai, Zoltán 
700 1 |a Jurík, Pavol, 1987- 
700 1 |a Jaber, Aws 
700 1 |a Ancza, Erzsébet 
700 1 |a Bandurič, Igor, 1980- 
110 2 |a TIEES 2024: Trends and Innovations in E-business, Education, and Security. International Scientific Web-conference of Scientists and PhD Students or Candidates 
710 2 |a Fakulta hospodárskej informatiky EU. Katedra aplikovanej informatiky 
710 2 |a Óbuda University. Donát Bánki Faculty of Mechanical and Safety Engineering 
710 2 |a L.N. Gumilyov Eurasian National University 
710 2 |a National University of Uzbekistan 
710 2 |a The Slovak Society for Economic Informatics 
710 2 |a REMOK Foundation 
710 2 |a Štefana Kassay Foundation